[Event "1st Metropolitan International"]
[Site "Los Angeles"]
[Date "2011.08.18"]
[Round "3"]
[White "Matikozyan, Andranik"]
[Black "Gareev, Timur"]
[Result "1/2-1/2"]
[WhiteElo "2451"]
[BlackElo "2613"]
[PlyCount "39"]
[EventDate "2011.08.17"]
[EventType "swiss"]
[EventRounds "9"]
[EventCountry "USA"]
[SourceDate "2011.08.22"]

1. e4 e5 2. Nf3 Nc6 3. Bb5 a6 4. Ba4 Nf6 5. d3 Bc5 6. O-O d6 7. c3 Bd7 8. Re1
Ba7 9. Nbd2 Ng4 10. Re2 f5 11. h3 O-O 12. d4 Nf6 13. dxe5 Nxe5 14. Nxe5 dxe5
15. exf5 Bxf5 16. Nf3 e4 17. Nd4 Bxd4 18. Qxd4 Qxd4 19. cxd4 Nd5 20. Bb3
1/2-1/2

[Event "1st Metropolitan International"]
[Site "Los Angeles"]
[Date "2011.08.18"]
[Round "3"]
[White "Milisits, Ryan"]
[Black "Rensch, Daniel"]
[Result "0-1"]
[WhiteElo "2203"]
[BlackElo "2410"]
[PlyCount "50"]
[EventDate "2011.08.17"]
[EventType "swiss"]
[EventRounds "9"]
[EventCountry "USA"]
[SourceDate "2011.08.22"]

1. e4 c5 2. c3 d6 3. d4 Nf6 4. Bd3 Qc7 5. h3 g6 6. Nf3 Bg7 7. O-O O-O 8. Be3 a6
9. Nbd2 b5 10. Nh2 e5 11. Rc1 Nh5 12. g4 Nf4 13. Bxf4 exf4 14. Qf3 Nc6 15. Qxf4
cxd4 16. cxd4 Bxd4 17. Rc2 Qd7 18. Nhf3 Bg7 19. a3 Bb7 20. Rd1 Qe7 21. Nf1 Ne5
22. Be2 Rae8 23. Ne3 Nxf3+ 24. Bxf3 Be5 25. Qh6 Qf6 0-1

[Event "1st Metropolitan International"]
[Site "Los Angeles"]
[Date "2011.08.18"]
[Round "3"]
[White "Morshedi, Ali"]
[Black "Anderson, Michael"]
[Result "1-0"]
[WhiteElo "2238"]
[BlackElo "1900"]
[PlyCount "49"]
[EventDate "2011.08.17"]
[EventType "swiss"]
[EventRounds "9"]
[EventCountry "USA"]
[SourceDate "2011.08.22"]

1. e4 c5 2. Nf3 Nc6 3. d4 cxd4 4. Nxd4 e6 5. Nc3 a6 6. Be2 Nge7 7. Be3 Nxd4 8.
Qxd4 b5 9. O-O Nc6 10. Qd2 Be7 11. f4 d6 12. Rad1 O-O 13. a3 Bb7 14. Bd3 g6 15.
f5 Ne5 16. Bh6 Ng4 17. Bxf8 Bg5 18. Qe2 Be3+ 19. Kh1 Qh4 20. Bxd6 gxf5 21. Bg3
Qh6 22. exf5 Kh8 23. fxe6 Rg8 24. exf7 Nf2+ 25. Rxf2 1-0

[Event "1st Metropolitan International"]
[Site "Los Angeles"]
[Date "2011.08.18"]
[Round "3"]
[White "Ravichandran, Siddharth"]
[Black "Piasetski, Leon"]
[Result "1/2-1/2"]
[WhiteElo "2387"]
[BlackElo "2289"]
[PlyCount "28"]
[EventDate "2011.08.17"]
[EventType "swiss"]
[EventRounds "9"]
[EventCountry "USA"]
[SourceDate "2011.08.22"]

1. e4 c5 2. Nf3 e6 3. d4 cxd4 4. Nxd4 a6 5. f4 b6 6. Be3 Bb7 7. Nd2 Nf6 8. Bd3
h5 9. Qe2 Qc7 10. e5 Nd5 11. Ne4 Nc6 12. Nxc6 Qxc6 13. c3 Nxe3 14. Qxe3 Be7
1/2-1/2

[Event "1st Metropolitan International"]
[Site "Los Angeles"]
[Date "2011.08.18"]
[Round "3"]
[White "Rosen, Eric"]
[Black "Yang, Darwin"]
[Result "1/2-1/2"]
[WhiteElo "2216"]
[BlackElo "2434"]
[PlyCount "171"]
[EventDate "2011.08.17"]
[EventType "swiss"]
[EventRounds "9"]
[EventCountry "USA"]
[SourceDate "2011.08.22"]

1. e4 e6 2. d4 d5 3. Nd2 c5 4. exd5 exd5 5. Ngf3 Nc6 6. Bb5 Bd6 7. dxc5 Bxc5 8.
Nb3 Bd6 9. O-O Nge7 10. Bg5 O-O 11. Bh4 Qb6 12. Bd3 a5 13. c3 h6 14. Bxe7 Bxe7
15. Qc2 Bg4 16. Nbd4 Bf6 17. h3 Bxf3 18. Nxf3 d4 19. Nxd4 Bxd4 20. cxd4 Nxd4
21. Qd2 Rad8 22. Rfe1 Ne6 23. Qc3 Rd4 24. Bc4 Rf4 25. Re3 Qd4 26. Qxd4 Nxd4 27.
Rd1 Nf5 28. Rc3 Rd4 29. Rxd4 Nxd4 30. Rd3 Rd8 31. f3 Kf8 32. Kf2 Ke7 33. a4 Nc6
34. Rxd8 Nxd8 35. Ke3 Kd6 36. Kd4 Nc6+ 37. Kc3 f6 38. Bb5 Ne7 39. Kc4 Nd5 40.
Be8 Ne3+ 41. Kb5 Nxg2 42. Kxa5 Kc7 43. b4 Nf4 44. Kb5 Nxh3 45. Kc5 Ng5 46. a5
Nxf3 47. b5 b6+ 48. axb6+ Kb8 49. Kd5 Kb7 50. Ke6 Ne5 51. Ke7 Kxb6 52. Ke6 Kc5
53. Kf5 h5 54. Bxh5 Kxb5 55. Ke6 Kc5 56. Bd1 Kd4 57. Bc2 Ke3 58. Kf5 Kd2 59.
Bb3 Kc3 60. Bg8 Kd4 61. Bb3 Kc5 62. Ke6 Kd4 63. Kf5 Kd3 64. Bd5 Ke3 65. Bb3 Kf3
66. Bd1+ Kg3 67. Be2 Kg2 68. Bd1 Kf2 69. Bb3 Ke2 70. Bd5 Ke3 71. Ba2 Kf3 72.
Bb3 Kf2 73. Bd1 Nc4 74. Kg6 Ne3 75. Ba4 f5 76. Kxg7 f4 77. Kf6 Nc4 78. Kf5 Ke3
79. Bc6 Nd2 80. Bb7 Nf3 81. Ba8 Nd4+ 82. Ke5 Ne2 83. Bb7 Kf2 84. Ba6 f3 85. Bb7
Ke3 86. Bxf3 1/2-1/2

[Event "1st Metropolitan International"]
[Site "Los Angeles"]
[Date "2011.08.18"]
[Round "3"]
[White "Ruck, Robert"]
[Black "Adams, Michael"]
[Result "0-1"]
[WhiteElo "2569"]
[BlackElo "2715"]
[PlyCount "116"]
[EventDate "2011.08.17"]
[EventType "swiss"]
[EventRounds "9"]
[EventCountry "USA"]
[SourceDate "2011.08.22"]

1. Nf3 Nf6 2. c4 e6 3. Nc3 Bb4 4. Qc2 O-O 5. a3 Bxc3 6. Qxc3 d6 7. e3 e5 8. d4
exd4 9. Nxd4 c5 10. Nf3 Bf5 11. Nd2 Nc6 12. Be2 Qe7 13. O-O d5 14. cxd5 Nxd5
15. Qc4 Rfd8 16. Nf3 a6 17. Bd2 b5 18. Qh4 f6 19. Rac1 Rac8 20. Rfd1 c4 21. Be1
Nb6 22. Bc3 Nd5 23. Be1 Bg6 24. h3 Qe8 25. Kh1 h6 26. Nd4 Ne5 27. Ba5 Rd7 28.
e4 Ne7 29. Bg4 Nxg4 30. Qxg4 Bh5 31. Qe6+ Bf7 32. Qg4 h5 33. Qe2 Ng6 34. Nf5
Nf4 35. Qf3 Nd3 36. Rb1 Bg6 37. Bc3 Qxe4 38. Qxe4 Nxf2+ 39. Kh2 Nxe4 40. Nh6+
gxh6 41. Rxd7 Nxc3 42. Re1 Ne4 43. Ra7 Rc6 44. Rd1 Nd6 45. Re1 Ne4 46. Rd1 Nd6
47. Re1 Be4 48. Kg3 c3 49. bxc3 Rxc3+ 50. Kf2 Rxa3 51. Rd7 Rd3 52. Ke2 Rd5 53.
Ra1 Nc4 54. Re7 Bd3+ 55. Kf2 a5 56. Ra7 b4 57. Re1 Ne5 58. Rc1 Bc4 0-1

[Event "1st Metropolitan International"]
[Site "Los Angeles"]
[Date "2011.08.18"]
[Round "3"]
[White "Sevian, Samuel"]
[Black "Szabo, Bence"]
[Result "0-1"]
[WhiteElo "2172"]
[BlackElo "2362"]
[PlyCount "82"]
[EventDate "2011.08.17"]
[EventType "swiss"]
[EventRounds "9"]
[EventCountry "USA"]
[SourceDate "2011.08.22"]

1. e4 c5 2. Nf3 d6 3. d4 cxd4 4. Nxd4 Nf6 5. Nc3 a6 6. Be3 e5 7. Nb3 Be6 8. Qd2
Nbd7 9. f4 b5 10. O-O-O Be7 11. Kb1 O-O 12. Bd3 Nb6 13. Bxb6 Qxb6 14. f5 Bc4
15. g4 d5 16. g5 Nxe4 17. Nxe4 dxe4 18. Bxe4 Rad8 19. Qg2 Rxd1+ 20. Rxd1 Rd8
21. Rc1 Qe3 22. f6 Bf8 23. fxg7 Bxg7 24. Qg4 a5 25. Qh4 a4 26. Bxh7+ Kf8 27.
Qg4 axb3 28. axb3 Be2 29. Qb4+ Ke8 30. Re1 Qf2 31. Rc1 Qf4 32. Qe1 Rd2 33. Qh1
Bf3 34. Qf1 Bc6 35. Qh3 Bd7 36. Qc3 Rxh2 37. Rd1 Qg4 38. Qd3 Rxh7 39. Qd6 Qe6
40. Qb8+ Ke7 41. Qg8 Qg6 0-1

[Event "1st Metropolitan International"]
[Site "Los Angeles"]
[Date "2011.08.18"]
[Round "3"]
[White "Sinanan, Joshua"]
[Black "Hall, Bobby"]
[Result "1-0"]
[WhiteElo "2273"]
[BlackElo "2044"]
[PlyCount "99"]
[EventDate "2011.08.17"]
[EventType "swiss"]
[EventRounds "9"]
[EventCountry "USA"]
[SourceDate "2011.08.22"]

1. d4 Nf6 2. c4 g6 3. g3 Bg7 4. Bg2 d5 5. cxd5 Nxd5 6. Nf3 O-O 7. O-O Nb6 8.
Nc3 Nc6 9. e3 Re8 10. Re1 a5 11. h3 a4 12. Rb1 Bd7 13. Qe2 h6 14. Rd1 e6 15.
Bd2 Qe7 16. Rbc1 Red8 17. Ne4 e5 18. Nc5 Bc8 19. Nxe5 Nxe5 20. dxe5 Bxe5 21.
Bxb7 Bxb7 22. Nxb7 Rdb8 23. Na5 Re8 24. Nc6 Qe6 25. Nxe5 Qxe5 26. Bc3 Qe6 27.
Qd3 Kh7 28. Qd4 Rg8 29. Qf6 Qxa2 30. Be5 Qb3 31. Rd4 a3 32. Rxc7 Raf8 33. bxa3
Qb1+ 34. Kg2 Qf5 35. Qxf5 gxf5 36. a4 Na8 37. Rb7 Kg6 38. Rd6+ Kh5 39. Rf6 Rg6
40. Rxf5+ Rg5 41. g4+ Kg6 42. Rf6+ Kh7 43. Rfxf7+ Rxf7 44. Rxf7+ Kg8 45. Rf5
Rg6 46. a5 Ra6 47. Bf4 Kg7 48. h4 Kg6 49. h5+ Kg7 50. Kf3 1-0

[Event "1st Metropolitan International"]
[Site "Los Angeles"]
[Date "2011.08.18"]
[Round "3"]
[White "Steinfl, Alessandro"]
[Black "Liu, Elliott"]
[Result "0-1"]
[WhiteElo "2164"]
[BlackElo "2291"]
[PlyCount "56"]
[EventDate "2011.08.17"]
[EventType "swiss"]
[EventRounds "9"]
[EventCountry "USA"]
[SourceDate "2011.08.22"]

1. d4 g6 2. c4 Bg7 3. Nc3 Nf6 4. e4 d6 5. f4 O-O 6. Nf3 c5 7. d5 e6 8. dxe6
fxe6 9. Bd3 Nc6 10. O-O Nd4 11. Ng5 e5 12. f5 h6 13. fxg6 hxg5 14. Bxg5 Be6 15.
Nd5 Bxd5 16. exd5 Qd7 17. Bxf6 Bxf6 18. Qh5 Qg7 19. Rae1 Qh8 20. Qg4 Rad8 21.
Re3 Qh4 22. Qd1 Bg7 23. Rh3 Rxf1+ 24. Bxf1 Qf4 25. Qh5 e4 26. Qh7+ Kf8 27. Qh5
e3 28. Qd1 Re8 0-1

[Event "1st Metropolitan International"]
[Site "Los Angeles"]
[Date "2011.08.18"]
[Round "3"]
[White "Tatum, Kofi"]
[Black "Banawa, Joel"]
[Result "0-1"]
[WhiteElo "1995"]
[BlackElo "2374"]
[PlyCount "108"]
[EventDate "2011.08.17"]
[EventType "swiss"]
[EventRounds "9"]
[EventCountry "USA"]
[SourceDate "2011.08.22"]

1. c4 g6 2. Nc3 Bg7 3. g3 d6 4. Bg2 e5 5. e3 Nc6 6. Nge2 Nge7 7. O-O O-O 8. d3
Bg4 9. h3 Be6 10. Nd5 Rb8 11. Qa4 a6 12. Rd1 Qc8 13. Kh2 b5 14. Qc2 f5 15. f4
bxc4 16. dxc4 e4 17. Nxe7+ Nxe7 18. Nd4 Bf7 19. Bd2 c5 20. Nb3 d5 21. cxd5 Nxd5
22. Bf1 c4 23. Qxc4 Nxe3 24. Qxc8 Nxf1+ 25. Rxf1 Rfxc8 26. Be3 Bxb2 27. Rab1
Rc2+ 28. Rf2 Rxf2+ 29. Bxf2 Bf6 30. Rc1 Bxb3 31. Rb1 Rd8 32. axb3 Rd2 33. Kg1
Rd3 34. Kf1 Bc3 35. b4 h6 36. b5 axb5 37. Rxb5 e3 38. Rb8+ Kf7 39. Rb7+ Ke6 40.
Rb6+ Kd5 41. Rxg6 exf2 42. Kxf2 Bd4+ 43. Ke2 Re3+ 44. Kd2 Ke4 45. Re6+ Kf3 46.
Rg6 h5 47. h4 Ra3 48. Rg5 Ke4 49. Kc2 Bf2 50. Rxh5 Rxg3 51. Rh8 Kxf4 52. h5 Rh3
53. h6 Bd4 54. Rd8 Be5 0-1

[Event "1st Metropolitan International"]
[Site "Los Angeles"]
[Date "2011.08.18"]
[Round "3"]
[White "Tayar, Jonathan"]
[Black "Ramirez, Alejandro"]
[Result "0-1"]
[WhiteElo "2335"]
[BlackElo "2592"]
[PlyCount "88"]
[EventDate "2011.08.17"]
[EventType "swiss"]
[EventRounds "9"]
[EventCountry "USA"]
[SourceDate "2011.08.22"]

1. e4 c5 2. Nc3 e6 3. Nf3 a6 4. d4 cxd4 5. Nxd4 Qc7 6. Bd3 Nf6 7. O-O d6 8. a4
Be7 9. f4 Nbd7 10. Kh1 b6 11. Qe2 Bb7 12. Bd2 h5 13. Nf3 h4 14. Rae1 h3 15. g3
Nc5 16. b4 Nxd3 17. cxd3 d5 18. e5 d4 19. exf6 dxc3 20. fxg7 Rg8 21. Rc1 Bxb4
22. f5 Rxg7 23. fxe6 fxe6 24. Bf4 Qf7 25. Be5 Rg5 26. d4 Rf5 27. Bf4 Bd5 28.
Kg1 Rxf4 29. gxf4 Qxf4 30. Qe5 Qg4+ 31. Qg3 Qxg3+ 32. hxg3 Rc8 33. Ne1 Bd6 34.
Kh2 b5 35. axb5 axb5 36. Kxh3 b4 37. g4 b3 38. Nd3 c2 39. g5 Rc3 40. g6 Rxd3+
41. Kh4 Rg3 42. Rg1 Rxg1 43. Rxg1 b2 44. g7 e5 0-1

[Event "1st Metropolitan International"]
[Site "Los Angeles"]
[Date "2011.08.18"]
[Round "3"]
[White "Troff, Kayden"]
[Black "Amanov, Zhanibek"]
[Result "0-1"]
[WhiteElo "2282"]
[BlackElo "2382"]
[PlyCount "55"]
[EventDate "2011.08.17"]
[EventType "swiss"]
[EventRounds "9"]
[EventCountry "USA"]
[SourceDate "2011.08.22"]

1. d4 g6 2. c4 Bg7 3. Nc3 c5 4. d5 Bxc3+ 5. bxc3 f5 6. h4 Nf6 7. h5 Nxh5 8. e4
Qa5 9. Qc2 d6 10. Bd3 Nf6 11. exf5 Bxf5 12. Bxf5 gxf5 13. Ne2 Nbd7 14. Qxf5 Qa6
15. Rh4 O-O-O 16. Ng3 Kb8 17. Nf1 Ne5 18. Ne3 Rhf8 19. Qc2 Rde8 20. Kd1 e6 21.
Rb1 exd5 22. cxd5 Nxd5 23. Rh1 Ng4 24. Nxg4 Nxc3+ 25. Kd2 Nxb1+ 26. Qxb1 Qe2+
27. Kc3 Qxg4 28. Be3 0-1

[Event "1st Metropolitan International"]
[Site "Los Angeles"]
[Date "2011.08.18"]
[Round "3"]
[White "Van Wely, Loek"]
[Black "Hungaski, Robert"]
[Result "1-0"]
[WhiteElo "2683"]
[BlackElo "2495"]
[PlyCount "65"]
[EventDate "2011.08.17"]
[EventType "swiss"]
[EventRounds "9"]
[EventCountry "USA"]
[SourceDate "2011.08.22"]

1. d4 g6 2. Nf3 Bg7 3. c4 c5 4. d5 d6 5. e4 Nf6 6. Nc3 O-O 7. h3 Na6 8. Be2 Nc7
9. Bg5 Nfe8 10. Qd2 e5 11. dxe6 Nxe6 12. Bh6 Bd7 13. h4 Bxh6 14. Qxh6 Qf6 15.
g3 Bc6 16. O-O-O Nd4 17. Qe3 Nxe2+ 18. Qxe2 Nc7 19. h5 b5 20. Qe3 b4 21. Nd5
Bxd5 22. cxd5 Rfe8 23. hxg6 fxg6 24. Qh6 Re7 25. Ng5 Qh8 26. f4 Ne8 27. e5 b3
28. axb3 dxe5 29. d6 Rd7 30. Qh3 Rad8 31. Qe6+ Kf8 32. fxe5 Ng7 33. Nxh7+ 1-0

[Event "1st Metropolitan International"]
[Site "Los Angeles"]
[Date "2011.08.18"]
[Round "3"]
[White "Wang, Philip Xiao"]
[Black "Khachiyan, Melikset"]
[Result "1/2-1/2"]
[WhiteElo "2371"]
[BlackElo "2505"]
[PlyCount "71"]
[EventDate "2011.08.17"]
[EventType "swiss"]
[EventRounds "9"]
[EventCountry "USA"]
[SourceDate "2011.08.22"]

1. d4 Nf6 2. c4 g6 3. Nf3 Bg7 4. g3 c6 5. Bg2 d5 6. cxd5 cxd5 7. Nc3 O-O 8. Ne5
e6 9. O-O Nfd7 10. f4 Nc6 11. Be3 Nb6 12. Bf2 Ne7 13. Rc1 Bd7 14. e4 dxe4 15.
Nxe4 Nbd5 16. Qb3 Bc6 17. Nxc6 Nxc6 18. Rfd1 Qb6 19. Nc5 Na5 20. Qxb6 axb6 21.
Nd7 Rfd8 22. Bxd5 Rxd7 23. Bf3 Rd6 24. d5 Bxb2 25. dxe6 Rxe6 26. Rc7 Ba3 27.
Rdd7 Bd6 28. Bd5 Bxc7 29. Bxe6 fxe6 30. Rxc7 Nc6 31. Rxb7 Rxa2 32. Rxb6 Rc2 33.
Rb7 e5 34. fxe5 Nxe5 35. Rb3 Ng4 36. Rf3 1/2-1/2

[Event "1st Metropolitan International"]
[Site "Los Angeles"]
[Date "2011.08.19"]
[Round "4"]
[White "Adams, Michael"]
[Black "Van Wely, Loek"]
[Result "1/2-1/2"]
[WhiteElo "2715"]
[BlackElo "2683"]
[PlyCount "83"]
[EventDate "2011.08.17"]
[EventType "swiss"]
[EventRounds "9"]
[EventCountry "USA"]
[SourceDate "2011.08.22"]

1. e4 c5 2. Nf3 d6 3. d4 cxd4 4. Nxd4 Nf6 5. Nc3 a6 6. h3 e5 7. Nde2 h5 8. Bg5
Be7 9. Bxf6 Bxf6 10. Nd5 Bg5 11. Nec3 Nc6 12. Bc4 Be6 13. O-O g6 14. Qd3 O-O
15. Rad1 Rc8 16. Bb3 Bh6 17. Ne3 Nd4 18. Bxe6 fxe6 19. Ne2 Qb6 20. c3 Nxe2+ 21.
Qxe2 Bxe3 22. fxe3 Rxf1+ 23. Rxf1 Rf8 24. Rd1 Kg7 25. c4 Qc5 26. b3 b5 27. cxb5
axb5 28. Qd2 Rd8 29. Rc1 Qb6 30. a4 bxa4 31. bxa4 Ra8 32. Rc4 Ra7 33. Kh2 h4
34. Qe1 Qb3 35. Rb4 Qd3 36. a5 g5 37. Ra4 Qb3 38. Ra1 Qd3 39. Rd1 Qa3 40. Ra1
Qd3 41. Rd1 Qa3 42. Ra1 1/2-1/2

[Event "1st Metropolitan International"]
[Site "Los Angeles"]
[Date "2011.08.19"]
[Round "4"]
[White "Adamson, Robby"]
[Black "Huang, Vincent"]
[Result "1-0"]
[WhiteElo "2324"]
[BlackElo "2128"]
[PlyCount "89"]
[EventDate "2011.08.17"]
[EventType "swiss"]
[EventRounds "9"]
[EventCountry "USA"]
[SourceDate "2011.08.22"]

1. e4 e5 2. Nf3 Nc6 3. Bb5 a6 4. Ba4 Nf6 5. Qe2 b5 6. Bb3 Bc5 7. c3 d6 8. O-O
O-O 9. Rd1 Ba7 10. d3 Qe7 11. h3 Be6 12. Bc2 Rae8 13. a4 b4 14. d4 b3 15. Bd3
exd4 16. Bxa6 Bd7 17. cxd4 Nxe4 18. Bc4 Qf6 19. Be3 Na5 20. Bd3 Bf5 21. Nbd2
Bb6 22. Nxe4 Bxe4 23. Bxe4 Rxe4 24. Qb5 Ra8 25. Rd3 Ree8 26. Nd2 Qg6 27. Rc3
Reb8 28. Qd7 Rd8 29. Qg4 Qxg4 30. hxg4 Re8 31. g5 Ra7 32. Nxb3 Nxb3 33. Rxb3
Re4 34. Kf1 Kf8 35. Ke2 Rh4 36. g3 Rh2 37. Rb5 Ra5 38. Rxa5 Bxa5 39. b4 Bb6 40.
a5 Ba7 41. d5 Bxe3 42. Kxe3 Rh5 43. a6 Rxg5 44. a7 Re5+ 45. Kd4 1-0

[Event "1st Metropolitan International"]
[Site "Los Angeles"]
[Date "2011.08.19"]
[Round "4"]
[White "Akopian, Robert"]
[Black "Kleinman, Michael"]
[Result "1-0"]
[WhiteElo "2047"]
[BlackElo "2221"]
[PlyCount "89"]
[EventDate "2011.08.17"]
[EventType "swiss"]
[EventRounds "9"]
[EventCountry "USA"]
[SourceDate "2011.08.22"]

1. e4 c5 2. Nf3 d6 3. d4 cxd4 4. Nxd4 Nf6 5. Nc3 g6 6. Be3 Bg7 7. f3 O-O 8. Qd2
Nc6 9. Bc4 Bd7 10. h4 h5 11. O-O-O Ne5 12. Be2 Rc8 13. Bh6 Bxh6 14. Qxh6 Rxc3
15. bxc3 Qa5 16. Kb1 Rc8 17. g4 Nc4 18. Bxc4 Rxc4 19. gxh5 Nxh5 20. Rhg1 Qxc3
21. Rd3 Rb4+ 22. Nb3 Qe5 23. Qd2 Rc4 24. Rd5 Qh8 25. Ra5 Nf6 26. h5 b6 27. Rag5
Be8 28. hxg6 fxg6 29. e5 dxe5 30. Rxe5 Rc7 31. Rge1 Kf8 32. Qb4 Qh2 33. Nd4 Bf7
34. Rxe7 Rc5 35. R7e2 Qg3 36. Nb3 Nd5 37. Qd4 Nc3+ 38. Kb2 Nxe2 39. Qh8+ Bg8
40. Qf6+ Bf7 41. Nxc5 bxc5 42. Rxe2 Qb8+ 43. Kc1 Qb4 44. Rd2 Qa3+ 45. Kd1 1-0

[Event "1st Metropolitan International"]
[Site "Los Angeles"]
[Date "2011.08.19"]
[Round "4"]
[White "Altounian, Levon"]
[Black "Liu, Elliott"]
[Result "1-0"]
[WhiteElo "2431"]
[BlackElo "2291"]
[PlyCount "85"]
[EventDate "2011.08.17"]
[EventType "swiss"]
[EventRounds "9"]
[EventCountry "USA"]
[SourceDate "2011.08.22"]

1. Nf3 Nf6 2. g3 g6 3. b3 Bg7 4. Bb2 O-O 5. Bg2 d5 6. c4 c6 7. O-O a5 8. d3 Na6
9. cxd5 cxd5 10. Nc3 Bd7 11. Rc1 Rc8 12. Ne5 e6 13. Ba3 Re8 14. d4 b5 15. Qd3
Rb8 16. Bd6 Nb4 17. Qd2 Rb7 18. a3 Na6 19. Qd3 Bf8 20. Bxf8 Rxf8 21. e4 Rb6 22.
exd5 exd5 23. Nxd5 Nxd5 24. Bxd5 Bh3 25. Bg2 Bxg2 26. Kxg2 Qd5+ 27. Nf3 Qd6 28.
d5 Qxa3 29. Qd4 Rd6 30. Rc6 Rfd8 31. Ra1 Qxb3 32. Qa7 Qxd5 33. Rxa6 Rxa6 34.
Qxa6 a4 35. Rb1 Rb8 36. Qa7 Rb7 37. Qa8+ Kg7 38. Rb4 Rd7 39. Qa5 Qd3 40. Qxb5
a3 41. Qxd3 Rxd3 42. Ra4 Kf6 43. Nd4 1-0

[Event "1st Metropolitan International"]
[Site "Los Angeles"]
[Date "2011.08.19"]
[Round "4"]
[White "Amanov, Zhanibek"]
[Black "Bercys, Salvijus"]
[Result "1-0"]
[WhiteElo "2382"]
[BlackElo "2487"]
[PlyCount "81"]
[EventDate "2011.08.17"]
[EventType "swiss"]
[EventRounds "9"]
[EventCountry "USA"]
[SourceDate "2011.08.22"]

1. e4 c5 2. Nf3 e6 3. d4 cxd4 4. Nxd4 a6 5. Nc3 b5 6. Be2 Qc7 7. O-O Bb7 8. Bf3
Nc6 9. Nxc6 dxc6 10. Qe2 Bd6 11. g3 Nf6 12. Bg2 Be5 13. f4 Bd4+ 14. Kh1 O-O 15.
Nd1 Rfd8 16. g4 a5 17. g5 Nd7 18. c3 Bb6 19. Ne3 b4 20. c4 Bd4 21. Ng4 Nb6 22.
Rb1 a4 23. Rf3 b3 24. axb3 axb3 25. Rh3 Ra4 26. Qe1 Rxc4 27. Qh4 Kf8 28. Rxb3
c5 29. Qxh7 Rc2 30. Be3 Qc6 31. Bxd4 cxd4 32. Re1 Rxg2 33. Kxg2 Qc2+ 34. Kg1
Qxb3 35. Qh8+ Ke7 36. Qxg7 Qb4 37. Rc1 Nd7 38. g6 Qd2 39. Qxf7+ Kd6 40. e5+ Kd5
41. Nf6+ 1-0

[Event "1st Metropolitan International"]
[Site "Los Angeles"]
[Date "2011.08.19"]
[Round "4"]
[White "Banawa, Joel"]
[Black "Ruck, Robert"]
[Result "0-1"]
[WhiteElo "2374"]
[BlackElo "2569"]
[PlyCount "56"]
[EventDate "2011.08.17"]
[EventType "swiss"]
[EventRounds "9"]
[EventCountry "USA"]
[SourceDate "2011.08.22"]

1. c4 e5 2. g3 Nf6 3. Bg2 d5 4. cxd5 Nxd5 5. Nc3 Nb6 6. Nf3 Nc6 7. O-O Be7 8.
d3 O-O 9. a3 Re8 10. b4 Bf8 11. Bb2 a5 12. b5 Nd4 13. Nd2 c6 14. bxc6 Nxc6 15.
Nc4 a4 16. Nxb6 Qxb6 17. Rb1 Qa5 18. Ne4 Be6 19. Nd2 Qa6 20. f4 Ba2 21. fxe5
Nxe5 22. Bxe5 Bxb1 23. Bd5 Rxe5 24. Bxf7+ Kh8 25. Nxb1 Rd8 26. Nd2 Bxa3 27. Nc4
Bc5+ 28. Kh1 Qc6+ 0-1

[Event "1st Metropolitan International"]
[Site "Los Angeles"]
[Date "2011.08.19"]
[Round "4"]
[White "Barnett, Alex"]
[Black "Clawitter, Craig"]
[Result "1-0"]
[WhiteElo "2254"]
[BlackElo "2118"]
[PlyCount "91"]
[EventDate "2011.08.17"]
[EventType "swiss"]
[EventRounds "9"]
[EventCountry "USA"]
[SourceDate "2011.08.22"]

1. e4 e6 2. d4 d5 3. Nc3 Bb4 4. e5 c5 5. a3 Bxc3+ 6. bxc3 Ne7 7. Qg4 Qc7 8.
Qxg7 Rg8 9. Qxh7 cxd4 10. Ne2 Nbc6 11. f4 Bd7 12. Qd3 dxc3 13. Be3 Nf5 14. Bf2
d4 15. h3 Qb6 16. Rd1 O-O-O 17. g4 Nxe5 18. fxe5 Bb5 19. Qxc3+ dxc3 20. Bxb6
Rxd1+ 21. Kxd1 Bxe2+ 22. Bxe2 Ng3 23. Rg1 Nxe2 24. Kxe2 axb6 25. Rg3 Kd7 26.
Rxc3 Ra8 27. Kf3 Ra5 28. Kf4 Ra4+ 29. Kg5 Re4 30. Kf6 Rf4+ 31. Kg7 Rf2 32. h4
Rg2 33. Rc4 b5 34. Rf4 Rxc2 35. Rxf7+ Kc6 36. h5 Rg2 37. Rf4 Kd5 38. h6 Kxe5
39. Rb4 Rc2 40. h7 Rc7+ 41. Kh6 Rc8 42. g5 Kf5 43. g6 e5 44. g7 Rc6+ 45. Kh5
Rc1 46. Rh4 1-0

[Event "1st Metropolitan International"]
[Site "Los Angeles"]
[Date "2011.08.19"]
[Round "4"]
[White "Chen, Howard Jed"]
[Black "Lee, Michael"]
[Result "1/2-1/2"]
[WhiteElo "2293"]
[BlackElo "2395"]
[PlyCount "133"]
[EventDate "2011.08.17"]
[EventType "swiss"]
[EventRounds "9"]
[EventCountry "USA"]
[SourceDate "2011.08.22"]

1. g3 Nf6 2. Bg2 g6 3. e4 d6 4. Nc3 h5 5. h3 Nc6 6. d3 Bg7 7. Bg5 Nh7 8. Be3
Nd4 9. f4 c5 10. Nf3 Bd7 11. O-O Qc8 12. Kh2 Nf8 13. Nd5 Bc6 14. Rb1 b5 15. Bf2
Qb7 16. Nd2 Nde6 17. b4 a5 18. bxc5 Nxc5 19. c4 b4 20. d4 Na4 21. e5 dxe5 22.
Qf3 Rc8 23. fxe5 Nh7 24. Ne4 O-O 25. a3 e6 26. Nd6 Qd7 27. axb4 exd5 28. b5 Ba8
29. c5 Rb8 30. Qa3 Nb6 31. cxb6 Rxb6 32. Qc5 Rfb8 33. Be3 Bf8 34. Rfc1 Bxd6 35.
exd6 Nf8 36. Qc7 R6b7 37. Qxd7 Rxd7 38. b6 Ne6 39. b7 Rbxb7 40. Rc8+ Kg7 41.
Ra1 Ra7 42. Bd2 Bb7 43. Rb8 Rxd6 44. Rxa5 Rxa5 45. Bxa5 Ba6 46. Rb6 Rxb6 47.
Bxb6 Bc4 48. h4 Kf8 49. Kg1 Ke7 50. Kf2 Kd6 51. Bh3 f5 52. Ke3 Kc6 53. Ba7 Kb5
54. Bb8 Kb4 55. Be5 Kc3 56. Bg2 Kc2 57. Bf3 Kc1 58. Bf6 Kb2 59. Be5 Ka3 60.
Bd6+ Ka4 61. Bd1+ Kb5 62. Be5 Bf1 63. Bb3 Bg2 64. Kf2 Be4 65. Ke3 Nd8 66. Bf6
Nf7 67. Bd1 1/2-1/2

[Event "1st Metropolitan International"]
[Site "Los Angeles"]
[Date "2011.08.19"]
[Round "4"]
[White "Gareev, Timur"]
[Black "Akobian, Varuzhan"]
[Result "1-0"]
[WhiteElo "2613"]
[BlackElo "2613"]
[PlyCount "81"]
[EventDate "2011.08.17"]
[EventType "swiss"]
[EventRounds "9"]
[EventCountry "USA"]
[SourceDate "2011.08.22"]

1. d4 Nf6 2. c4 e6 3. Nf3 d5 4. Nc3 Be7 5. Bg5 O-O 6. e3 h6 7. Bh4 Ne4 8. Bxe7
Qxe7 9. Rc1 c6 10. h4 Nd7 11. g4 Nxc3 12. bxc3 e5 13. g5 e4 14. Nd2 hxg5 15.
Qh5 g4 16. Qxg4 Qa3 17. Rd1 Nf6 18. Qf4 Qxc3 19. h5 Nh7 20. h6 f6 21. Qc7 gxh6
22. Rxh6 Bf5 23. cxd5 Ng5 24. Be2 Rf7 25. Qf4 Kg7 26. Rh2 Bh7 27. dxc6 Qxc6 28.
Nc4 Rh8 29. Ne5 Qc3+ 30. Kf1 Rff8 31. Nd7 Qc8 32. Bg4 Qc4+ 33. Kg2 Qf7 34. Nxf8
Rxf8 35. Rc1 Qxa2 36. Qd6 Rf7 37. d5 Qd2 38. Rc8 Nf3 39. Qg3 Bg6 40. Bf5 Ng5
41. Qh4 1-0

[Event "1st Metropolitan International"]
[Site "Los Angeles"]
[Date "2011.08.19"]
[Round "4"]
[White "Ginsburg, Mark"]
[Black "Milisits, Ryan"]
[Result "1/2-1/2"]
[WhiteElo "2387"]
[BlackElo "2203"]
[PlyCount "71"]
[EventDate "2011.08.17"]
[EventType "swiss"]
[EventRounds "9"]
[EventCountry "USA"]
[SourceDate "2011.08.22"]

1. e4 c5 2. Nf3 e6 3. Nc3 Nc6 4. g3 d6 5. Bg2 g6 6. d4 cxd4 7. Nxd4 a6 8. O-O
Bg7 9. Nxc6 bxc6 10. Na4 Ne7 11. c4 O-O 12. Be3 Rb8 13. Qd2 Qc7 14. Rfd1 Rd8
15. Bc5 d5 16. Rac1 d4 17. Bb4 Qa7 18. Nc5 e5 19. Ba3 h5 20. Qa5 Re8 21. Nd3
Qb6 22. Qxb6 Rxb6 23. Bd6 f6 24. b4 Bg4 25. Re1 Nc8 26. Bc7 Rb7 27. Ba5 Bf8 28.
a3 Nb6 29. Nb2 Be6 30. c5 Nd7 31. Nd3 Bh6 32. Rc2 Bb3 33. Rce2 Bc4 34. Rd1 Bb3
35. Rde1 Bc4 36. Rd1 1/2-1/2